The Guadalupian symposium
Shranjeno v:
| Main Authors: | , , |
|---|---|
| Format: | Knjiga |
| Jezik: | angleščina |
| Izdano: |
Washington, D.C
Smithsonian Institution
2000
|
| Serija: | Smithsonian Contributions to the Earth Sciences, 32
|
| Teme: | |
| Oznake: |
Označite
Brez oznak, prvi označite!
|
MARC
| LEADER | 00000nam a2200000 a 4500 | ||
|---|---|---|---|
| 001 | UCN7320 | ||
| 003 | CL-VaPUC | ||
| 008 | 011018e20000000US |||||||||||||||||eng|d | ||
| 082 | 0 | 4 | |a 550 |b WAR |2 21 |
| 100 | 0 | |a Wardlaw, Bruce R |e author |9 463221 | |
| 700 | 0 | |a Grant, Richard E |e author |9 463222 | |
| 700 | 0 | |a Rohr, David M |e author |9 463223 | |
| 245 | 1 | 4 | |a The Guadalupian symposium |
| 300 | |a 415 p | ||
| 942 | |c BK | ||
| 945 | |d 20011018 00:00:00 |a cmena | ||
| 260 | |a Washington, D.C |b Smithsonian Institution |c 2000 | ||
| 650 | 7 | |a GEOLOGIA - CONGRESOS |2 CL-VaPUC |9 463224 | |
| 650 | 7 | |a ESTATIGRAFIA |2 CL-VaPUC |9 360602 | |
| 650 | 0 | |a Paleontología |9 314794 | |
| 651 | 7 | |a MONTAÑAS GUADALUPE |2 CL-VaPUC |9 463225 | |
| 583 | |a last modification |c 20011018 00:00:00 |k Rodrigo Vera | ||
| 490 | 0 | |a Smithsonian Contributions to the Earth Sciences, 32 | |
| 999 | |c 297700 |d 297698 | ||